उम्मीद की दूसरी सूरत / (Record no. 117308)

MARC details
000 -LEADER
fixed length control field 01133nam a22002777a 4500
003 - CONTROL NUMBER IDENTIFIER
control field dpl
005 - DATE AND TIME OF LATEST TRANSACTION
control field 20180911110723.0
008 - FIXED-LENGTH DATA ELEMENTS--GENERAL INFORMATION
fixed length control field 180911b xxu||||| |||| 00| 0 eng d
010 ## - LIBRARY OF CONGRESS CONTROL NUMBER
LC control number B-113632
020 ## - INTERNATIONAL STANDARD BOOK NUMBER
Terms of availability 100.00
International Standard Book Number 8187482354
035 ## - SYSTEM CONTROL NUMBER
System control number B-113632, B-113640
037 ## - SOURCE OF ACQUISITION
Source of stock number/acquisition Cen Lib/Ret
040 ## - CATALOGING SOURCE
Original cataloging agency DPL
Language of cataloging HN
Transcribing agency 0
082 ## - DEWEY DECIMAL CLASSIFICATION NUMBER
Classification number
Item number ज्योत्स्ना
100 ## - MAIN ENTRY--PERSONAL NAME
Personal name ज्योत्स्ना मिलन
9 (RLIN) 44829
245 ## - TITLE STATEMENT
Title उम्मीद की दूसरी सूरत /
Statement of responsibility, etc ज्योत्स्ना मिलन
246 ## - VARYING FORM OF TITLE
Title proper/short title Ummid ki dusri surat
Remainder of title by Jyotsna Milan
260 ## - PUBLICATION, DISTRIBUTION, ETC. (IMPRINT)
Place of publication, distribution, etc बीकानेर
Name of publisher, distributor, etc वाग्देवी प्रकाशन
Date of publication, distribution, etc 2003
270 ## - ADDRESS
Address सुगन निवास चन्दन सागर
City बीकानेर
300 ## - PHYSICAL DESCRIPTION
Extent 103पृष्ठ.
Dimensions 21सेमी(सजिल्द)
650 ## - SUBJECT ADDED ENTRY--TOPICAL TERM
Topical term or geographic name as entry element हिंदी साहित्य
9 (RLIN) 71289
650 ## - SUBJECT ADDED ENTRY--TOPICAL TERM
Topical term or geographic name as entry element हिंदी कहानी
9 (RLIN) 71290
650 ## - SUBJECT ADDED ENTRY--TOPICAL TERM
Topical term or geographic name as entry element Hindi literature
9 (RLIN) 71291
650 ## - SUBJECT ADDED ENTRY--TOPICAL TERM
Topical term or geographic name as entry element Hindi story
9 (RLIN) 43117
942 ## - ADDED ENTRY ELEMENTS (KOHA)
Source of classification or shelving scheme Dewey Decimal Classification
Koha item type Hindi Books
Classification part
Call number suffix ज्योत्स्ना
Holdings
Withdrawn status Lost status Damaged status Not for loan Home library Current library Date acquired Source of acquisition Cost, normal purchase price Total Checkouts Full call number Barcode Date last seen Date checked out Copy number Cost, replacement price Price effective from Koha item type Source of classification or shelving scheme Collection code Total Renewals
        Central Library Central Library 27/08/2015 Cen Lib /Ret 100.00 2 क ज्योत्स्ना B-113632 02/08/2019 17/07/2019 1 100.00 27/08/2015 Hindi Books      
        Patel Nagar Patel Nagar 11/11/2018 BPPD/Pub 100.00   क ज्योत्स्ना B-113633 11/11/2018     100.00 11/11/2018 Hindi Books Dewey Decimal Classification Fiction  
        Shahdara Branch Shahdara Branch 11/09/2018 BPPD/PUB 100.00 5 क ज्योत्स्ना B-113640 06/10/2025 22/09/2025   100.00 11/09/2018 Hindi Books Dewey Decimal Classification Fiction 1

© Delhi Public Library
Hit Counter
free hit counter